Rzeki świata według przepływu wody - Statystyki

Ogólne statystyki
  • Ten quiz został rozwiązany 41 razy
  • Średni wynik to 11 z 21
Statystyki odpowiedzi
m3 / s Recypient Rzeka % Poprawnych
209 000 Ocean Atlantycki Amazonka
100%
30 166 Morze Wschodniochińskie Jangcy
86%
38 129 Zatoka Bengalska Ganges-Brahmaputra
84%
8 060 Morze Kaspijskie Wołga
84%
14 800 Morze Południowochińskie Mekong
81%
16 792 Zatoka Meksykańska Missisipi
81%
7 130 Morze Czarne Dunaj
76%
41 200 Ocean Atlantycki Kongo
76%
16 871 Morze Łaptiewów Lena
70%
12 475 Zatoka _____ Ob
68%
22 000 Ocean Atlantycki La Plata
57%
11 400 Morze Ochockie Amur
51%
36 000 Ocean Atlantycki Orinoko
49%
19 600 Morze Karskie Jenisej
46%
10 300 Morze Beauforta Mackenzie
38%
16 800 Zatoka ________ _________ Świętego Wawrzyńca
30%
7 070 Ocean Indyjski Zambezi
30%
7 500 Ocean Spokojny Kolumbia
16%
9 500 Morze Południowochińskie Perłowa
11%
13 000 Morze Andamańskie Irawadi
8%
13 600 Ocean Atlantycki Tocantins
0%
Nie znaleziono quizów pasujących do podanych kryteriów
Rozkład punktacji
Procent ludzi z każdym wynikiem
Percentyl według liczby udzielonych odpowiedzi
Twoja historia wyników
Nie rozwiązałeś tego quizu